[Event "British Columbia op"]
[Site "Burnaby CAN"]
[Date "2025.02.17"]
[Round "6.10"]
[White "Zhu, Daniel"]
[Black "Xu, Andrew"]
[Result "1-0"]
[WhiteElo "1821"]
[BlackElo "1964"]
[WhiteFideId "-1"]
[WhiteFideId "-1"]
[PlyCount "65"]
[GameId "2162699947441813"]
[EventDate "2025.02.15"]
[EventType "swiss"]
[EventRounds "6"]
[EventCountry "CAN"]

1. d4 Nf6 2. Nf3 g6 3. c4 Bg7 4. Nc3 d5 5. cxd5 Nxd5 6. e4 Nxc3 7. bxc3 O-O 8. Be2 c5 9. O-O Nc6 10. Be3 cxd4 11. cxd4 Bg4 12. d5 Ne5 13. Nxe5 Bxe2 14. Qxe2 Bxe5 15. Rac1 Qd7 16. f4 Bg7 17. Rc2 f5 18. Qd3 fxe4 19. Qxe4 Rf5 20. Rd1 Rd8 21. Rcd2 b6 22. Qc4 Kh8 23. Qb4 Qd6 24. Qe4 Qd7 25. Rd3 Rf6 26. Bc1 Qc7 27. Ba3 Qxf4 28. Qxf4 Rxf4 29. Bxe7 Rd7 30. d6 Bf8 31. Re3 Bxe7 32. Rxe7 Rf7 33. Rxf7 1-0

[Event "British Columbia op"]
[Site "Burnaby CAN"]
[Date "2025.02.17"]
[Round "6.11"]
[White "Guo, Biaobiao Boyong"]
[Black "Lin, Michael"]
[Result "1-0"]
[WhiteElo "1895"]
[BlackElo "1794"]
[WhiteFideId "-1"]
[WhiteFideId "-1"]
[PlyCount "79"]
[GameId "2162699947441814"]
[EventDate "2025.02.15"]
[EventType "swiss"]
[EventRounds "6"]
[EventCountry "CAN"]

1. d4 d5 2. c4 e6 3. Nc3 a6 4. Nf3 dxc4 5. e3 b5 6. a4 b4 7. Na2 Nf6 8. Bxc4 Bb7 9. O-O Nbd7 10. Bd2 a5 11. Nc1 Bd6 12. Nd3 O-O 13. b3 Qe7 14. Bc1 Rfd8 15. Qe2 Ng4 16. e4 e5 17. Bg5 Ngf6 18. d5 h6 19. Bh4 Kh7 20. Bb5 Ba6 21. Bxa6 Rxa6 22. Ndxe5 Bxe5 23. Nxe5 Qxe5 24. Bg3 Qxe4 25. Qxa6 Qxd5 26. Bxc7 Rc8 27. Qxc8 Qxb3 28. Bxa5 Ne5 29. Qf5+ Ng6 30. Bd8 Qc3 31. Bxf6 gxf6 32. Rab1 Kg7 33. Qb5 Ne5 34. Qxb4 Qc2 35. Rb3 Qc7 36. Rg3+ Kh7 37. a5 Qa7 38. Qb6 Qe7 39. a6 Nc4 40. Qb1+ 1-0

[Event "British Columbia op"]
[Site "Burnaby CAN"]
[Date "2025.02.17"]
[Round "6.12"]
[White "Wu, Bowen"]
[Black "Xu, Joey"]
[Result "0-1"]
[WhiteElo "1880"]
[BlackElo "1811"]
[WhiteFideId "-1"]
[WhiteFideId "-1"]
[PlyCount "62"]
[GameId "2162699947441815"]
[EventDate "2025.02.15"]
[EventType "swiss"]
[EventRounds "6"]
[EventCountry "CAN"]

1. d4 Nf6 2. c4 g6 3. Nc3 Bg7 4. e4 d6 5. f3 O-O 6. Be3 c5 7. dxc5 Qa5 8. cxd6 Rd8 9. Qc2 exd6 10. Bd3 Na6 11. Nge2 Nd7 12. b3 Ndc5 13. Qd2 Nxb3 14. axb3 Qxa1+ 15. Qc1 Qxc1+ 16. Bxc1 Nb4 17. Bb1 Be6 18. O-O a6 19. Rd1 b5 20. Ba3 Nc6 21. Nd5 bxc4 22. bxc4 Bxd5 23. exd5 Na5 24. c5 Nc4 25. Bc1 dxc5 26. Ba2 Nd6 27. Ba3 Rac8 28. Rc1 Bd4+ 29. Kf1 Nf5 30. Nxd4 cxd4 31. Rxc8 Rxc8 0-1

[Event "British Columbia op"]
[Site "Burnaby CAN"]
[Date "2025.02.17"]
[Round "6.13"]
[White "Laha, Joydeep"]
[Black "Wu, Nicholas Pei-Chang"]
[Result "1/2-1/2"]
[WhiteElo "1638"]
[BlackElo "1838"]
[WhiteFideId "-1"]
[WhiteFideId "-1"]
[PlyCount "28"]
[GameId "2162699947441816"]
[EventDate "2025.02.15"]
[EventType "swiss"]
[EventRounds "6"]
[EventCountry "CAN"]

1. e4 d5 2. Nf3 dxe4 3. Ng5 Bf5 4. Qe2 Nf6 5. Qb5+ Bd7 6. Qxb7 Nc6 7. Bc4 e6 8. Qb3 Rb8 9. Qe3 Nb4 10. Na3 Nfd5 11. Bxd5 Nxd5 12. Qxa7 Ra8 13. Qb7 Rb8 14. Qa7 Ra8 1/2-1/2

[Event "British Columbia op"]
[Site "Burnaby CAN"]
[Date "2025.02.17"]
[Round "6.14"]
[White "Harms, Reece"]
[Black "Lu, Karson"]
[Result "1-0"]
[WhiteElo "2087"]
[BlackElo "1733"]
[WhiteFideId "-1"]
[WhiteFideId "-1"]
[PlyCount "93"]
[GameId "2162699947441817"]
[EventDate "2025.02.15"]
[EventType "swiss"]
[EventRounds "6"]
[EventCountry "CAN"]

1. d4 d5 2. c4 c6 3. cxd5 cxd5 4. Bf4 Qb6 5. Nc3 e6 6. e3 Qxb2 7. Bb5+ Bd7 8. Bxd7+ Nxd7 9. Nge2 Bb4 10. Rc1 Rc8 11. O-O Ne7 12. Rb1 Qa3 13. Nb5 Qa5 14. Qd3 Nc6 15. Bd6 Kd8 16. a3 a6 17. Bxb4 Nxb4 18. Rxb4 axb5 19. Rxb5 Qa6 20. Qb3 b6 21. a4 Ke7 22. Qb4+ Kf6 23. Nf4 Rc6 24. e4 g6 25. exd5 exd5 26. Rxd5 Re8 27. Rd6+ Rxd6 28. Qxd6+ Kg7 29. Qxd7 Re4 30. g3 Qc4 31. d5 Kg8 32. Qc6 Qxc6 33. dxc6 Rc4 34. Nd5 Rc5 35. c7 Kf8 36. Re1 h5 37. Kg2 f5 38. h4 Kf7 39. Re7+ Kf8 40. Rh7 Kg8 41. Nf6+ Kf8 42. Nd7+ Kg8 43. Nxc5 Kxh7 44. Ne6 f4 45. c8=Q fxg3 46. Qd7+ Kh6 47. Qg7# 1-0

[Event "British Columbia op"]
[Site "Burnaby CAN"]
[Date "2025.02.17"]
[Round "6.15"]
[White "Mingrone, Peter"]
[Black "Lu, Samuel"]
[Result "0-1"]
[WhiteElo "1856"]
[BlackElo "1885"]
[WhiteFideId "-1"]
[WhiteFideId "-1"]
[PlyCount "96"]
[GameId "2162699947441818"]
[EventDate "2025.02.15"]
[EventType "swiss"]
[EventRounds "6"]
[EventCountry "CAN"]

1. e4 c5 2. Nf3 d6 3. d4 cxd4 4. Nxd4 Nf6 5. Nc3 a6 6. g3 e5 7. Nb3 Bg4 8. Be2 Be6 9. O-O Be7 10. Bf3 Nbd7 11. a4 Rc8 12. Nd2 O-O 13. Re1 Qc7 14. Nf1 Nb6 15. Ne3 Rfd8 16. Ncd5 Nbxd5 17. exd5 Bd7 18. a5 h6 19. c4 Nh7 20. Be2 f5 21. b4 Rf8 22. Ng2 Bg5 23. Ba3 Be7 24. Qb3 Kh8 25. Rac1 Qb8 26. Bf1 Ng5 27. Nh4 Rf6 28. Bb2 Ne4 29. Qe3 g5 30. Ng2 g4 31. Nh4 Kg7 32. f4 Rf7 33. fxe5 dxe5 34. c5 Bg5 35. Qa3 Bxc1 36. Rxc1 Re8 37. Re1 Kh7 38. Bg2 Ng5 39. Rf1 e4 40. Qc3 Nf3+ 41. Bxf3 exf3 42. d6 Re2 43. h3 h5 44. hxg4 hxg4 45. Ba1 Qe8 46. Rf2 Rxf2 47. Kxf2 Qe2+ 48. Kg1 f2+ 0-1

[Event "British Columbia op"]
[Site "Burnaby CAN"]
[Date "2025.02.17"]
[Round "6.16"]
[White "Zhang, Bicheng"]
[Black "Yuan, Jaydon"]
[Result "1/2-1/2"]
[WhiteElo "1786"]
[BlackElo "1800"]
[WhiteFideId "-1"]
[WhiteFideId "-1"]
[PlyCount "176"]
[GameId "2162699947441819"]
[EventDate "2025.02.15"]
[EventType "swiss"]
[EventRounds "6"]
[EventCountry "CAN"]

1. d4 Nf6 2. c4 e6 3. Nf3 c5 4. d5 exd5 5. cxd5 d6 6. Nc3 g6 7. e4 Nbd7 8. h3 Bg7 9. Bd3 a6 10. a4 Qc7 11. O-O O-O 12. Bf4 Re8 13. Qd2 Rb8 14. a5 c4 15. Bc2 Nh5 16. Bh2 Nhf6 17. Rfe1 b5 18. axb6 Rxb6 19. Ba4 Re7 20. Rad1 Ne8 21. e5 dxe5 22. d6 Rxd6 23. Nd5 Rxd5 24. Qxd5 Bb7 25. Qd2 Bxf3 26. gxf3 Nc5 27. Bxe8 Rxe8 28. Qc2 Nb3 29. f4 f6 30. fxe5 fxe5 31. Re4 Na5 32. Rd5 Nb3 33. Rxc4 Qb7 34. Qe4 Qe7 35. Rc3 Nd4 36. Rcc5 Qf7 37. Kg2 Rf8 38. Bg3 Ne6 39. Rc3 Ng5 40. Qc4 Kh8 41. Rd2 Qf5 42. Qg4 Ne4 43. Qxf5 gxf5 44. Rd7 Nxc3 45. bxc3 f4 46. Bh4 e4 47. Ra7 Bxc3 48. Rxa6 f3+ 49. Kh2 Be5+ 50. Kg1 Bc3 51. Re6 Rg8+ 52. Kh1 Rb8 53. Rxe4 Rf8 54. Kh2 Ba5 55. Kg3 Bc7+ 56. Kg4 Bb6 57. Re6 Bc5 58. Rf6 Ra8 59. Kxf3 Ra3+ 60. Kg4 Ra4+ 61. f4 Kg7 62. Rc6 Be3 63. Bg5 Ra7 64. Re6 Bd2 65. Re7+ Rxe7 66. Bxe7 Kf7 67. Bc5 Kg6 68. f5+ Kf7 69. Bd4 Bc1 70. Kh5 Bd2 71. Kg4 Bc1 72. Kf3 Bd2 73. Be3 Bc3 74. Kg4 Bb2 75. Bh6 Bc3 76. Kh5 Bb2 77. Bg5 Bg7 78. Kg4 Bc3 79. h4 Bb2 80. h5 Bc3 81. h6 Bb2 82. Kf3 Bc3 83. Ke4 Bb2 84. Bf4 Bc3 85. Be5 Bd2 86. Bf4 Bc3 87. Kd5 Bb2 88. Bd2 Bf6 1/2-1/2

[Event "British Columbia op"]
[Site "Burnaby CAN"]
[Date "2025.02.17"]
[Round "6.17"]
[White "Chen, Yonglong"]
[Black "Yu, Ryan Bole"]
[Result "0-1"]
[WhiteElo "1570"]
[BlackElo "1897"]
[WhiteFideId "-1"]
[WhiteFideId "-1"]
[PlyCount "47"]
[GameId "2162699947441820"]
[EventDate "2025.02.15"]
[EventType "swiss"]
[EventRounds "6"]
[EventCountry "CAN"]

1. d4 Nf6 2. Bf4 g6 3. Nc3 Bg7 4. e4 d6 5. Qd2 Nbd7 6. O-O-O c5 7. e5 cxd4 8. Qxd4 dxe5 9. Bxe5 Qa5 10. Bb5 O-O 11. Bxd7 Bxd7 12. Nge2 Be6 13. Kb1 Rfd8 14. Qf4 Nh5 15. Bc7 Rxd1+ 16. Rxd1 Qc5 17. Qh4 Qxc7 18. g4 Nf6 19. g5 Nh5 20. Ng3 Nxg3 21. hxg3 Qc4 22. Ne4 Qxa2+ 23. Kc1 Qa1+ 24. Kd2 0-1

[Event "British Columbia op"]
[Site "Burnaby CAN"]
[Date "2025.02.17"]
[Round "6.18"]
[White "Daniel, Kyle"]
[Black "Zhang, Kai Zhongkai"]
[Result "1/2-1/2"]
[WhiteElo "1798"]
[BlackElo "1937"]
[WhiteFideId "-1"]
[WhiteFideId "-1"]
[PlyCount "72"]
[GameId "2162699947441821"]
[EventDate "2025.02.15"]
[EventType "swiss"]
[EventRounds "6"]
[EventCountry "CAN"]

1. e4 c5 2. Nf3 Nc6 3. Bb5 g6 4. O-O Bg7 5. c3 a6 6. Bxc6 dxc6 7. d3 Nf6 8. h3 O-O 9. Qc2 Qc7 10. Be3 b6 11. a4 a5 12. Rd1 Ba6 13. Na3 Rfd8 14. Nc4 Bxc4 15. dxc4 h5 16. g3 Rxd1+ 17. Rxd1 Rd8 18. Rxd8+ Qxd8 19. Kg2 Qd7 20. Ng5 Bh6 21. e5 Bxg5 22. Bxg5 Nh7 23. Be3 b5 24. Bxc5 Ng5 25. Qe2 bxc4 26. Qe3 Qxh3+ 27. Kg1 Qg4 28. Bxe7 Qd1+ 29. Kg2 Nh3 30. Bf6 Qg1+ 31. Kf3 Qd1+ 32. Kg2 Qg1+ 33. Kf3 Qh1+ 34. Ke2 Ng1+ 35. Kd2 Qd5+ 36. Kc1 Kh7 1/2-1/2

[Event "British Columbia op"]
[Site "Burnaby CAN"]
[Date "2025.02.17"]
[Round "6.19"]
[White "Cachelin, Justin"]
[Black "Landingin, Jofrel"]
[Result "0-1"]
[WhiteElo "1867"]
[BlackElo "1693"]
[WhiteFideId "-1"]
[WhiteFideId "-1"]
[PlyCount "118"]
[GameId "2162699947441822"]
[EventDate "2025.02.15"]
[EventType "swiss"]
[EventRounds "6"]
[EventCountry "CAN"]

1. Nf3 f5 2. d4 Nf6 3. c4 g6 4. Nc3 Bg7 5. Bg5 c6 6. h4 h6 7. Bd2 d6 8. Qb3 Qb6 9. Qc2 Na6 10. a3 Be6 11. Na4 Qd8 12. Nc3 Nc7 13. e3 Bf7 14. Bd3 Ng4 15. h5 e6 16. hxg6 Bxg6 17. Nh4 Bh7 18. f3 Nf6 19. b4 h5 20. Ra2 Bh6 21. e4 f4 22. g3 e5 23. Ne2 Ne6 24. gxf4 Nxf4 25. Nxf4 exf4 26. Ng2 Qe7 27. Kd1 Qg7 28. Bc1 Qg3 29. Qf2 Rg8 30. Bf1 O-O-O 31. d5 Kb8 32. Qxg3 Rxg3 33. Ke2 Bxe4 34. fxe4 f3+ 35. Kd1 Bxc1 36. Kxc1 fxg2 37. Bxg2 Rdg8 38. Bh3 Nxe4 39. Be6 Rf8 40. Rah2 Rxa3 41. Kb2 Raf3 42. Rxh5 Ng3 43. R5h2 Rf2+ 44. Kc3 Nxh1 45. Rxh1 c5 46. bxc5 dxc5 47. Kd3 a5 48. Ke4 Re2+ 49. Kd3 Re5 50. Bd7 Rf3+ 51. Kc2 Kc7 52. Bb5 Re2+ 53. Kd1 Ra2 54. Rh7+ Kd6 55. Rd7+ Ke5 56. Re7+ Kd4 57. Ke1 Rh3 58. Kd1 Rh1+ 59. Re1 Ra1+ 0-1

[Event "British Columbia op"]
[Site "Burnaby CAN"]
[Date "2025.02.17"]
[Round "6.20"]
[White "Yin, Aiden"]
[Black "Fan, Henry"]
[Result "1-0"]
[WhiteElo "1863"]
[BlackElo "1667"]
[WhiteFideId "-1"]
[WhiteFideId "-1"]
[PlyCount "76"]
[GameId "2162699947441823"]
[EventDate "2025.02.15"]
[EventType "swiss"]
[EventRounds "6"]
[EventCountry "CAN"]

1. e4 c5 2. Nf3 d6 3. d4 cxd4 4. Nxd4 Nf6 5. Nc3 a6 6. f3 e5 7. Nb3 Be6 8. Be3 Be7 9. Qd2 Nbd7 10. g4 b5 11. O-O-O b4 12. Nd5 Bxd5 13. exd5 Nb6 14. Na5 Nfxd5 15. Nc6 Qc7 16. Nxe7 Kxe7 17. Bxb6 Nxb6 18. Qxb4 Rhc8 19. Bd3 Nd5 20. Qd2 Nf4 21. Rhe1 Kf8 22. c3 d5 23. Bc2 Rab8 24. h4 g6 25. h5 d4 26. cxd4 exd4 27. Kb1 Qc3 28. Bb3 Qxd2 29. Rxd2 d3 30. Re4 g5 31. Bc4 Rd8 32. Bxa6 Rb6 33. Bc4 Rc6 34. b3 Rdc8 35. Rd4 Re8 36. Bxd3 Re1+ 37. Kb2 Rcc1 38. Bxh7 Rb1+ 1-0

[Event "British Columbia op"]
[Site "Burnaby CAN"]
[Date "2025.02.17"]
[Round "6.21"]
[White "Li, Aaron"]
[Black "Mu, Shaunavon"]
[Result "1/2-1/2"]
[WhiteElo "1632"]
[BlackElo "1844"]
[WhiteFideId "-1"]
[WhiteFideId "-1"]
[PlyCount "91"]
[GameId "2162699947441824"]
[EventDate "2025.02.15"]
[EventType "swiss"]
[EventRounds "6"]
[EventCountry "CAN"]

1. d4 d5 2. c4 e6 3. Nc3 Nf6 4. Nf3 c6 5. g3 Nbd7 6. cxd5 exd5 7. Bg2 Bd6 8. O-O O-O 9. Qc2 Re8 10. Re1 a5 11. a4 Nb8 12. Bg5 Na6 13. e4 Be7 14. exd5 Nb4 15. Qd2 Nbxd5 16. Nxd5 Nxd5 17. Bxe7 Rxe7 18. Rxe7 Nxe7 19. Re1 Be6 20. Ng5 Bd5 21. Bxd5 Nxd5 22. Ne4 h6 23. Nc3 Nf6 24. Rd1 Qe8 25. b3 Rd8 26. Qe3 Qd7 27. Qd3 Qh3 28. Qf1 Qh5 29. f3 Qf5 30. Qd3 Qe6 31. Ne4 Nd5 32. Nc5 Qc8 33. Kg2 f5 34. Re1 b6 35. Na6 Qb7 36. b4 axb4 37. Qc4 Ra8 38. Nxb4 Rxa4 39. Qxc6 Qxc6 40. Nxc6 Rc4 41. Re5 Rxc6 42. Rxd5 g6 43. Rb5 Kf7 44. Kf2 Rd6 45. Ke3 Ke6 46. Kd3 1/2-1/2

[Event "British Columbia op"]
[Site "Burnaby CAN"]
[Date "2025.02.17"]
[Round "6.22"]
[White "Zhu, Aiden"]
[Black "Tu, Liam"]
[Result "0-1"]
[WhiteElo "1627"]
[BlackElo "1819"]
[WhiteFideId "-1"]
[WhiteFideId "-1"]
[PlyCount "64"]
[GameId "2162699947441825"]
[EventDate "2025.02.15"]
[EventType "swiss"]
[EventRounds "6"]
[EventCountry "CAN"]

1. c4 e6 2. d4 Nf6 3. Nc3 Bb4 4. Qc2 d6 5. e4 c5 6. d5 exd5 7. cxd5 Bxc3+ 8. bxc3 O-O 9. Bc4 Nxe4 10. Ne2 Nf6 11. O-O a6 12. a4 Nbd7 13. Bg5 Re8 14. Bd3 h6 15. Bh4 Ne5 16. c4 Qe7 17. Rae1 Nxd3 18. Qxd3 Qe4 19. Qg3 Nh5 20. Qxd6 Qxh4 21. Qxc5 Qd8 22. Nd4 Bd7 23. Rxe8+ Bxe8 24. a5 Rc8 25. Qb4 Qc7 26. Rc1 Nf6 27. d6 Qd7 28. c5 Qxd6 29. Nf5 Qe5 30. Nd6 Qxd6 31. Qxb7 Rxc5 32. Rxc5 Qd1# 0-1

[Event "British Columbia op"]
[Site "Burnaby CAN"]
[Date "2025.02.17"]
[Round "6.23"]
[White "Leblanc, Paul"]
[Black "Sen, Arya Volkan"]
[Result "1/2-1/2"]
[WhiteElo "1814"]
[BlackElo "1582"]
[WhiteFideId "-1"]
[WhiteFideId "-1"]
[PlyCount "44"]
[GameId "2162699947450018"]
[EventDate "2025.02.15"]
[EventType "swiss"]
[EventRounds "6"]
[EventCountry "CAN"]

1. d4 g6 2. c4 Bg7 3. Nc3 e6 4. e4 Ne7 5. Nf3 c5 6. d5 d6 7. dxe6 Bxe6 8. Nb5 O-O 9. Qxd6 Na6 10. Be2 Nb4 11. O-O Qxd6 12. Nxd6 b6 13. a3 Nc2 14. Ra2 Rad8 15. Bf4 Nc6 16. Nb5 a6 17. Nc7 N6d4 18. Nxd4 Nxd4 19. Bd3 Nf3+ 20. gxf3 Rxd3 21. Nxe6 fxe6 22. Be3 Rxf3 1/2-1/2

[Event "British Columbia op"]
[Site "Burnaby CAN"]
[Date "2025.02.17"]
[Round "6.24"]
[White "Zaruev, Timur"]
[Black "Cheng, Peter Qian"]
[Result "1/2-1/2"]
[WhiteElo "1902"]
[BlackElo "1730"]
[WhiteFideId "-1"]
[WhiteFideId "-1"]
[PlyCount "137"]
[GameId "2162699947450019"]
[EventDate "2025.02.15"]
[EventType "swiss"]
[EventRounds "6"]
[EventCountry "CAN"]

1. d4 Nf6 2. c4 e6 3. Nf3 d5 4. Nc3 Nbd7 5. Bg5 Be7 6. e3 c6 7. cxd5 exd5 8. Bd3 O-O 9. O-O Re8 10. Rc1 Nf8 11. Ne5 N6d7 12. Nxd7 Bxd7 13. Bf4 Rc8 14. Qc2 Bg4 15. f3 Bh5 16. Qf2 Bg6 17. e4 Bd6 18. Bxd6 Qxd6 19. e5 Qb4 20. Bxg6 hxg6 21. g3 Qe7 22. f4 Ne6 23. g4 f5 24. gxf5 gxf5 25. Kh1 Kf7 26. Rg1 Rh8 27. Rg3 Rh6 28. Nxd5 Qd7 29. Ne3 Qxd4 30. Rc4 Qd3 31. Qc2 Qxc2 32. Rxc2 g6 33. Nc4 Ke7 34. Nd6 Rc7 35. Rcg2 Rd7 36. Rxg6 Rxg6 37. Rxg6 Nxf4 38. Nxf5+ Kd8 39. Rd6 Rxd6 40. Nxd6 Nd3 41. Nxb7+ Ke7 42. Nd6 Nxb2 43. Nc8+ Ke6 44. Nxa7 c5 45. Nb5 Kxe5 46. Kg2 Na4 47. h4 Kf5 48. Kg3 Kg6 49. Nd6 Nb6 50. Ne4 Na4 51. Nd2 Nb2 52. Nb3 c4 53. Nc1 c3 54. Kf4 Kh5 55. Ke4 Kxh4 56. Kd4 Kg5 57. Kxc3 Na4+ 58. Kb4 Nb2 59. Kb3 Nd1 60. a4 Kf6 61. Kb4 Ke7 62. a5 Ne3 63. Kc5 Kd7 64. a6 Kc7 65. Nb3 Kb8 66. Nd4 Nd5 67. Nc6+ Ka8 68. a7 Nb6 69. Kxb6 1/2-1/2

[Event "British Columbia op"]
[Site "Burnaby CAN"]
[Date "2025.02.17"]
[Round "6.25"]
[White "Fang, Pengsen"]
[Black "Yang, Larry"]
[Result "1-0"]
[WhiteElo "1840"]
[BlackElo "1685"]
[WhiteFideId "-1"]
[WhiteFideId "-1"]
[PlyCount "85"]
[GameId "2162699947450020"]
[EventDate "2025.02.15"]
[EventType "swiss"]
[EventRounds "6"]
[EventCountry "CAN"]

1. e4 c6 2. d4 d5 3. exd5 cxd5 4. Bd3 Nc6 5. c3 Qc7 6. Ne2 e6 7. Bf4 Bd6 8. Bxd6 Qxd6 9. O-O Nf6 10. Nd2 O-O 11. Nf3 Bd7 12. Nc1 Rac8 13. Qe2 Rfe8 14. Ne5 Qe7 15. Nb3 b6 16. f4 Qd6 17. Rae1 Ne7 18. g4 Rf8 19. g5 Ne4 20. Nd2 Bc6 21. Nxc6 Qxc6 22. Nxe4 dxe4 23. Bxe4 Qc4 24. Qh5 Nf5 25. Bxf5 exf5 26. Rf3 Qc6 27. Rh3 Qg6 28. Qxg6 fxg6 29. Rhe3 a6 30. Re6 Rb8 31. R1e5 Rfd8 32. Re7 Kf8 33. Ra7 Ra8 34. Rxa8 Rxa8 35. Kf2 Kf7 36. Ke3 Rd8 37. a4 h6 38. h4 Rd6 39. d5 Kf8 40. Kd4 Kf7 41. b4 h5 42. c4 Kf8 43. Re6 1-0

[Event "British Columbia op"]
[Site "Burnaby CAN"]
[Date "2025.02.17"]
[Round "6.26"]
[White "Imoo, Joshua"]
[Black "Wangluo, Joanne"]
[Result "1/2-1/2"]
[WhiteElo "1813"]
[BlackElo "1641"]
[WhiteFideId "-1"]
[WhiteFideId "-1"]
[PlyCount "50"]
[GameId "2162699947450021"]
[EventDate "2025.02.15"]
[EventType "swiss"]
[EventRounds "6"]
[EventCountry "CAN"]

1. e4 c5 2. Nc3 e6 3. f4 a6 4. Nf3 b5 5. g3 Bb7 6. d3 d6 7. Bg2 Nf6 8. O-O Qc7 9. Qe2 Be7 10. Bd2 O-O 11. h3 Nc6 12. a3 Rad8 13. Rac1 Rfe8 14. e5 Nd7 15. exd6 Bxd6 16. Ne4 Be7 17. Nfg5 h6 18. Nf3 Nf6 19. Be3 Nxe4 20. dxe4 Rd7 21. Rfd1 Red8 22. Ne5 Rxd1+ 23. Rxd1 Rxd1+ 24. Qxd1 Qd8 25. Qxd8+ Bxd8 1/2-1/2

[Event "British Columbia op"]
[Site "Burnaby CAN"]
[Date "2025.02.17"]
[Round "6.27"]
[White "Lu, Aiden Hao-Ting"]
[Black "Li, Moses"]
[Result "1-0"]
[WhiteElo "1785"]
[BlackElo "1741"]
[WhiteFideId "-1"]
[WhiteFideId "-1"]
[PlyCount "63"]
[GameId "2162699947450022"]
[EventDate "2025.02.15"]
[EventType "swiss"]
[EventRounds "6"]
[EventCountry "CAN"]

1. e4 c6 2. d4 d5 3. Nc3 dxe4 4. Nxe4 Nf6 5. Nxf6+ exf6 6. c3 Bf5 7. Bd3 Bg6 8. Ne2 Bd6 9. Be3 Nd7 10. Nf4 O-O 11. Nxg6 fxg6 12. Qb3+ Kh8 13. Qxb7 c5 14. O-O-O cxd4 15. Bxd4 a5 16. Be3 Ne5 17. Qd5 Nf7 18. Be4 Rc8 19. h4 f5 20. Bc2 h5 21. Qe6 Kh7 22. g4 Qc7 23. gxh5 Bf4 24. Qxg6+ Kg8 25. Bxf5 Bxe3+ 26. fxe3 Ne5 27. Qh7+ Kf7 28. Bxc8 Rxc8 29. Rhf1+ Ke6 30. Qf5+ Ke7 31. Rd5 Qc4 32. Qxe5# 1-0

[Event "British Columbia-ch Seniors 50+"]
[Site "Surrey CAN"]
[Date "2025.06.20"]
[Round "1.1"]
[White "Ross, Paul"]
[Black "Barron, Robert L."]
[Result "1-0"]
[WhiteElo "2287"]
[BlackElo "1631"]
[WhiteFideId "-1"]
[WhiteFideId "-1"]
[PlyCount "75"]
[GameId "2197311441025805"]
[EventDate "2025.06.20"]
[EventType "swiss"]
[EventRounds "6"]
[EventCountry "CAN"]

1. d4 Nf6 2. c4 g6 3. Nc3 Bg7 4. e4 d6 5. Be2 O-O 6. Nf3 Nbd7 7. O-O e5 8. d5 Nc5 9. Qc2 a5 10. b3 Nh5 11. Re1 f5 12. Bg5 Nf6 13. Nd2 h6 14. Bxf6 Qxf6 15. a3 Bd7 16. f3 Na6 17. Rab1 c5 18. dxc6 bxc6 19. b4 axb4 20. axb4 Nc7 21. b5 cxb5 22. cxb5 d5 23. b6 d4 24. bxc7 dxc3 25. Qxc3 Rfc8 26. Rec1 Bf8 27. Bc4+ Kg7 28. Bd5 Ra7 29. Bb7 Bd6 30. Bxc8 Bxc8 31. Rb6 Qe7 32. Rc6 Ra3 33. Qc4 Qd7 34. Qd5 Ra6 35. Rxa6 Bxa6 36. Rc6 Bb7 37. Rxd6 Bxd5 38. Rxd7+ 1-0

[Event "British Columbia-ch Seniors 50+"]
[Site "Surrey CAN"]
[Date "2025.06.20"]
[Round "1.2"]
[White "Fernando, Manuel"]
[Black "Fuentebella, Mayo"]
[Result "0-1"]
[WhiteElo "1628"]
[BlackElo "2109"]
[WhiteFideId "-1"]
[WhiteFideId "-1"]
[PlyCount "72"]
[GameId "2197311441107726"]
[EventDate "2025.06.20"]
[EventType "swiss"]
[EventRounds "6"]
[EventCountry "CAN"]

1. e4 e6 2. d4 d5 3. Be3 dxe4 4. f3 Nf6 5. Nd2 Nd5 6. Qe2 exf3 7. Ngxf3 Bd6 8. Ne4 f5 9. Bg5 Be7 10. Bxe7 Qxe7 11. Ng3 O-O 12. c3 c5 13. O-O-O Nc6 14. h4 Qc7 15. Ne5 cxd4 16. Nxc6 bxc6 17. Qf3 dxc3 18. bxc3 Qa5 19. Bc4 Qc5 20. Bb3 Nxc3 21. Rd3 Nd5+ 22. Kb2 a5 23. Rc1 Qd6 24. a4 Rb8 25. Ne2 Bd7 26. Qf2 Rb4 27. Rc5 Rfb8 28. Kc2 Rg4 29. Kd2 Qe5 30. Rc2 Be8 31. Bxd5 cxd5 32. Rdc3 h6 33. Rc8 Kh7 34. g3 Bxa4 35. R2c7 Rb2+ 36. Ke1 Re4 {Time} 0-1

[Event "British Columbia-ch Seniors 50+"]
[Site "Surrey CAN"]
[Date "2025.06.20"]
[Round "1.3"]
[White "McLaren, Brian"]
[Black "Sauve, Ronald"]
[Result "1-0"]
[WhiteElo "2040"]
[BlackElo "1624"]
[WhiteFideId "-1"]
[WhiteFideId "-1"]
[PlyCount "63"]
[GameId "2197311441107727"]
[EventDate "2025.06.20"]
[EventType "swiss"]
[EventRounds "6"]
[EventCountry "CAN"]

1. e4 c5 2. Nc3 Nc6 3. g3 Nf6 4. Bg2 e5 5. Nge2 h5 6. h3 d6 7. d3 Be6 8. f4 g6 9. O-O Qd7 10. fxe5 Ng8 11. Nf4 dxe5 12. Nxe6 Qxe6 13. Nd5 O-O-O 14. Qf3 f5 15. exf5 gxf5 16. Qxf5 Qxf5 17. Rxf5 Bd6 18. Bg5 Re8 19. c3 e4 20. Bxe4 Bxg3 21. h4 Nh6 22. Rf3 Be5 23. Raf1 c4 24. Nf6 Bxf6 25. Rxf6 cxd3 26. Bxc6 bxc6 27. Rxh6 Rxh6 28. Bxh6 Re2 29. Rf2 Re4 30. Bg5 c5 31. b3 c4 32. Rd2 1-0

[Event "British Columbia-ch Seniors 50+"]
[Site "Surrey CAN"]
[Date "2025.06.20"]
[Round "1.4"]
[White "Jose, Marionito"]
[Black "Kagaoan, Jose"]
[Result "0-1"]
[WhiteElo "1623"]
[BlackElo "2026"]
[WhiteFideId "-1"]
[WhiteFideId "-1"]
[PlyCount "90"]
[GameId "2197311441107728"]
[EventDate "2025.06.20"]
[EventType "swiss"]
[EventRounds "6"]
[EventCountry "CAN"]

1. e4 g6 2. d4 Nf6 3. Nc3 d5 4. e5 Ne4 5. Nf3 Nxc3 6. bxc3 e6 7. Bd3 c5 8. Bb5+ Bd7 9. Bxd7+ Nxd7 10. O-O Qa5 11. Bd2 c4 12. Re1 Be7 13. h3 O-O-O 14. Qe2 h6 15. Reb1 Qa4 16. Be1 g5 17. Nh2 h5 18. f3 Nf8 19. Rc1 Ng6 20. Bd2 Rdg8 21. Be3 Rh7 22. g3 Nf4 23. Qf1 Ba3 24. Kh1 Bxc1 25. Bxc1 Rhg7 26. Bxf4 gxf4 27. g4 Qxc2 28. Qc1 Qf2 29. Qe1 Qg3 30. Qxg3 fxg3 31. Nf1 Rh8 32. Kg2 h4 33. Ne3 Kc7 34. f4 Kc6 35. a4 b6 36. Rf1 Rb8 37. f5 b5 38. axb5+ Rxb5 39. fxe6 fxe6 40. Rf6 Rb2+ 41. Kg1 Kd7 42. Rh6 a5 43. Rxh4 a4 44. Rh8 a3 45. Ra8 a2 0-1

[Event "British Columbia-ch Seniors 50+"]
[Site "Surrey CAN"]
[Date "2025.06.20"]
[Round "1.5"]
[White "Mohammed Qanee, Arpak Worya"]
[Black "Hosseinpour, Hassan"]
[Result "1-0"]
[WhiteElo "1996"]
[BlackElo "1613"]
[WhiteFideId "-1"]
[WhiteFideId "-1"]
[PlyCount "89"]
[GameId "2197311441107729"]
[EventDate "2025.06.20"]
[EventType "swiss"]
[EventRounds "6"]
[EventCountry "CAN"]

1. e4 c5 2. Nf3 d6 3. d4 cxd4 4. Nxd4 Nf6 5. Nc3 a6 6. Be2 b5 7. a4 b4 8. Nd5 e5 9. Nb3 Bb7 10. Bg5 Be7 11. Bxf6 Bxf6 12. O-O O-O 13. Qd3 Bxd5 14. Qxd5 Ra7 15. Bc4 Be7 16. a5 Qc7 17. Rfd1 Nd7 18. Nd2 Nc5 19. b3 Qd7 20. Nf1 Kh8 21. Ne3 g6 22. Qxc5 dxc5 23. Rxd7 Rxd7 24. Bxa6 f5 25. Bd3 fxe4 26. Bxe4 Ra7 27. a6 Rf6 28. Bb7 Rb6 29. Rd1 Rbxa6 30. Bxa6 Rxa6 31. Kf1 Rd6 32. Rxd6 Bxd6 33. Nc4 Bc7 34. Ke2 Kg7 35. Ke3 Kf6 36. Ke4 Ke6 37. g4 Bd6 38. g5 Bc7 39. h4 Bd6 40. Nb2 Be7 41. Nd3 h6 42. gxh6 Bf8 43. h7 Bg7 44. Nxc5+ Kd6 45. Nd3 1-0